000
00290nam a22001337a 4500
008
170612b xxu||||| |||| 00| 0 eng d
020
_a
9951413277
041
_a
ALB
080
_a
32
100
_a
19
101
_a
SHP
245
_a
MENDIMI POLITIK MODERN
_c
KULLASHI.M
942
_2
udc
_c
BK
999
_c
17062
_d
17062